| 000 | 04223njm a2200589Ia 4500 | ||
|---|---|---|---|
| 001 | F2546 | ||
| 003 | IT-RoPAU | ||
| 005 | 20220918181115.0 | ||
| 008 | 131025s9999 xx 000 0 und d | ||
| 040 | _aIT-RoPAU | ||
| 040 | _cIT-RoPAU | ||
| 999 |
_c99291 _d99291 |
||
| 999 | _bn.d. | ||
| 100 |
_aAA.VV. _9794 |
||
| 100 |
_eAutore musica _932581 |
||
| 100 |
_gCodice autore musica SPICS: 12000 _9796 |
||
| 245 | _aWonder of Christmas (The) | ||
| 250 | _a1a ed. | ||
| 260 | _aBOSTON | ||
| 260 |
_bDAUGHTERS OF ST. PAUL _c1988 [1a Ed.:1988 - Ed. Lingua Orig.: 1988] |
||
| 300 | _aCOMPACT DISC | ||
| 300 | _c40 minuti (Testo: 0 pag.) | ||
| 500 | _aMusica religiosa, natalizia. Testi delle canzoni. | ||
| 505 | _aCarol of the Bells (3:00) - O Come, All Ye Faithful (5:00) - Hush, the Baby Is Sleeping (3:00) - Once In Royal David's City (4:00) - I Saw Three Ships (2:00) - Break Forth, O Beauteous Heavenly Light (3:00) - Caroling, Caroling (2:00) - Go Tell It On the Mountain (3:00) - Angels We Have Heard On High (3:00) - O Little Town of Bethlehem (4:00) - Do You Hear What I Hear? (3:00) - In the Bleak Midwinter (4:00) - Bethlehem's Poor Child (3:00) - Joy To the World (2:00) - Silent Night (4:00) | ||
| 511 | _aSolista: John Darrenkamp, baritono | ||
| 511 | _aDarrenkamp Julia Mary Fsp: solista | ||
| 650 |
_aRELIGIOSA [COMPACT DISC] _eCodice MATERIA SPICS: 9949 _932582 |
||
| 700 |
_aDaughters Of St.Paul _gCodice interprete SPICS: 7531 _eInterprete _932583 |
||
| 700 |
_aLeontovich M. _gCodice autore musica SPICS: 51047 _eAutore musica _pCarol of the Bells _932584 |
||
| 700 |
_aWilhousky Peter _gCodice autore testo/musica SPICS: 51048 _eAutore testo/musica _pCarol of the Bells _932585 |
||
| 700 |
_aWade J.F. _gCodice autore musica SPICS: 51049 _eAutore musica _pO Come, All Ye Faithful _932586 |
||
| 700 |
_aOakeley Tr.F. _gCodice autore testo/musica SPICS: 51050 _eAutore testo/musica _pO Come, All Ye Faithful _932587 |
||
| 700 |
_aKaiser Kurt _gCodice autore musica SPICS: 51051 _eAutore musica _pHush, the Baby Is Sleeping _932588 |
||
| 700 |
_aHarris Deborah _gCodice autore testo/musica SPICS: 51052 _eAutore testo/musica _pHush, the Baby Is Sleeping _932589 |
||
| 700 |
_aGaunllett Henry _gCodice autore musica SPICS: 51053 _eAutore musica _pOnce In Royal David's City _932590 |
||
| 700 |
_aAlexander Cecil _gCodice autore testo/musica SPICS: 51054 _eAutore testo/musica _pOnce In Royal David's City _932591 |
||
| 700 |
_aAnonimo _gCodice autore musica SPICS: 2620 _eAutore musica _pI Saw Three Ships - Go Tell It On the Mountain - Angels We Have Heard On High - O Little Town of Bethlehem _932592 |
||
| 700 |
_aBach Johann Sebastian _gCodice autore musica SPICS: 9695 _eAutore musica _pBreak Forth, O Beauteous Heavenly Light _932593 |
||
| 700 |
_aBurt Alfred _gCodice autore musica SPICS: 51055 _eAutore musica _932594 |
||
| 700 |
_aHutson Wihla _gCodice autore testo/musica SPICS: 51056 _eAutore testo/musica _pCaroling, Caroling _932595 |
||
| 700 |
_aBrooks Phillips _gCodice autore testo/musica SPICS: 51057 _eAutore testo/musica _pO Little Town of Bethlehem _932596 |
||
| 700 |
_aRegney Noel _gCodice autore musica SPICS: 51058 _eAutore musica _pDo You Hear What I Hear? _932597 |
||
| 700 |
_aShayne Gloria _gCodice autore testo/musica SPICS: 51059 _eAutore testo/musica _pDo You Hear What I Hear? _932598 |
||
| 700 |
_aDarke Harold _gCodice autore musica SPICS: 51060 _eAutore musica _pIn the Bleak Midwinter _932599 |
||
| 700 |
_aRossetti Cristina _gCodice autore testo/musica SPICS: 39325 _eAutore testo/musica _pIn the Bleak Midwinter _932600 |
||
| 700 |
_aFigurant Janet Peter Fsp _gCodice autore musica SPICS: 51062 _eAutore musica _pBethlehem's Poor Child _932601 |
||
| 700 |
_aWright Melissa _gCodice autore testo/musica SPICS: 51063 _eAutore testo/musica _pBethlehem's Poor Child _932602 |
||
| 700 |
_aHandel Georg Friedrich _gCodice autore musica SPICS: 5619 _eAutore musica _pJoy To the World _932603 |
||
| 700 |
_aWatts Isaac _gCodice autore testo/musica SPICS: 51064 _eAutore testo/musica _pJoy To the World _932604 |
||
| 700 |
_aGruber Franz _gCodice autore musica SPICS: 10935 _eAutore musica _pSilent Night _9808 |
||
| 700 |
_aMohr _gCodice autore testo/musica SPICS: 27312 _eAutore testo/musica _pSilent Night _932605 |
||
| 942 |
_cCD _2ddc |
||